| 000 | 01144naa a22003377a 4500 | ||
|---|---|---|---|
| 001 | BR8105967 | ||
| 003 | BR-BrBNA | ||
| 005 | 20240918174907.0 | ||
| 007 | ta | ||
| 008 | 230509b bl.||||| |||| 00| 0 por d | ||
| 040 |
_aBR-BrBNA _bpor _cBiblioteca Nacional de Agricultura |
||
| 041 | _a(Pt) | ||
| 072 |
_aF60 _b1845 _b3801 |
||
| 090 | _aF60 BR8105967 | ||
| 100 | 1 | _aFernandes, P.D. | |
| 100 | 1 | _aOliveira, G.D. de | |
| 100 | 1 | _aHaag, H.P. | |
| 245 | 1 | _aEstudos da nutricao mineral de duas variedades de pimentao cultivadas em condicoes de campo [Capsicum annuum, nitrogenio, fosforo, potassio, calcio, magnesio, enxofre] | |
| 260 | 3 |
_aCampinas, SP (Brasil): _c1981. |
|
| 500 | _aNutricao mineral em hortalicas Campinas, SP (Brasil): 1981. p. 503-512 (BR8105967-AM)F60 | ||
| 650 | _aPIMENTAO | ||
| 650 | _aVARIEDADE | ||
| 650 | _aMACROELEMENTO | ||
| 650 | _aNUTRIENTE | ||
| 650 | _aABSORCAO | ||
| 650 | _aANALISE QUANTITATIVA | ||
| 650 | _aCRESCIMENTO | ||
| 773 | 0 |
_tNutricao mineral em hortalicas _wF60 BR8105967 _gCampinas, SP (Brasil), 1981. p. 503-512 |
|
| 909 |
_a202404 _bLucia _c55 _dLucia Elande |
||
| 942 |
_cAM _2AGRIS |
||
| 999 |
_c314257 _d314257 |
||